| 000 | 05363nam a22002894a 4500 | ||
|---|---|---|---|
| 001 | UTEA | ||
| 005 | 20250924093650.0 | ||
| 006 | g||||gr||||||01 nz | ||
| 007 | ta | ||
| 008 | 250918b es ||||| |||| 00| 0 spa d | ||
| 020 | _a9788491136781 | ||
| 040 | _aUTEA | ||
| 041 | _aspa | ||
| 082 |
_a610.7343 _bM26 2021 |
||
| 100 |
_aMartinez Riera, José Ramón _eAutor |
||
| 245 |
_aManual práctico de enfermería comunitaria / _cJosé Ramón Martinez Riera _h¨Texto Impreso] |
||
| 250 | _aSegunda edición | ||
| 260 |
_aEspaña _bEditorial Servicios Editoriales GEA Consultoría Editorial S.L. _c2021 |
||
| 300 |
_a728 páginas _c17 x 24 cm. |
||
| 505 | _aAccesibilidad -- Accidentes en personas mayores: las caídas y su prevención -- Activos de salud en el trabajo comunitario -- Aerosoles -- Agentes de salud -- Anciano frágil -- Atención a la mujer en la edad media de la vida. Valoración y cuidados de enfermería a la mujer en el climaterio -- Atención a la población infantil y adolescente en atención comunitaria -- Atención a la sexualidad humana en enfermería comunitaria -- Atención domiciliaria -- Atención familiar domiciliaria: evaluación -- Atención familiar domiciliaria: planificación -- Atención integral, integrada e integradora biopsicosocial y espiritual -- Atención primaria de salud: perspectivas de futuro -- Bienestar: la medición de la calidad de vida relacionada con la salud -- Calidad asistencial: concepto -- Calidad en enfermería familiar y comunitaria -- calidad, evaluación y mejora -- Cartera de servicios -- Competencias en cuidados -- Comunidad -- Consulta enfermera -- Continuidad de cuidados: nuevas figuras de gestión -- Control de la salud infantil -- Cronicidad: implicación y abordaje en atención primaria -- Cuidadora familiar -- Cuidados complementarios para la salud -- Declaración de Alma-Ata -- Demografía y salud -- Diabetes: educación para la salud -- Diabetes mellitus -- Diagnóstico de salud -- Diagnóstico enfermero: líneas futuras de desarrollo e investigación -- Discapacidad: valoración -- Duelo y sus fases -- Educación para la salud -- Electrocardiograma -- Emergencias en atención primaria -- Enfermedad de Alzheimer -- Enfermedad pulmonar obstructiva crónica -- Enfermera comunitaria -- Enfermería basada en las evidencias -- Entrevista -- Envejecimiento -- Epidemiología en atención primaria: aportaciones -- Epidemiología en atención primaria: concepto y método -- Escalas de valoración -- Espirometría: pruebas funcionales respiratorias -- Estilos de vida -- Ética de la atención en enfermería -- Extracción de muestras de sangre -- Familia: funciones -- Familia y ciclo vital -- Familia y estructura -- Familia y salud -- Género y salud -- Genograma familiar -- Gestión de los cuidados -- Grupales, actividades -- Guías de práctica clínica y otros procedimientos de estandarización de los cuidados -- Heridas: cuidados -- Hipertensión arterial: educación para la salud -- Historia clínica en atención primaria -- Humanización en atención primaria -- Interrelación -- Intersectorialidad -- Intervención comunitaria -- Investigación acción participativa y appreciative inquiry -- Investigación cuantitativa frente a cualitativa -- Investigación enfermera en atención primaria: prioridades -- Inyectable: técnica -- Jóvenes y drogas -- Jóvenes y trastornos de la conducta alimentaria -- Lactancia materna -- Lenguajes estandarizados enfermeros en atención primaria -- Lesiones no intencionadas en pediatría -- Medidas de asociación o tamaño del efecto -- Medidas de frecuencia -- Medidas de impacto -- Metodología de cuidados en atención primaria: análisis de la situación y propuestas de mejora -- Métodos anticonceptivos -- Multiculturalidad -- Necesidades en salud -- Nutrición y alimentación: evidencia en las recomendaciones y nuevas aportaciones metodológicas -- Obesidad: atención enfermera -- Observación -- Organización de los cuidados -- Osteoarticulares, enfermedades: atención enfermera -- Ostomías -- Oxigenoterapia -- Paciente con necesidades paliativas: atención enfermera -- Participación comunitaria en salud -- Políticas de salud -- Precauciones estándar -- Prescripción enfermera en atención primaria -- Programas de salud -- Promoción de salud -- Quemaduras -- Reanimación cardiopulmonar básica -- Redes sociales -- Salud-enfermedad: conceptos sociales -- Salud escolar: la enfermera escolar -- Salud maternal: atención -- Salud pública: funciones -- Salutogénesis -- Sociosanitario, aportaciones de la gestión de casos -- Sociosanitario, espacio -- Sondaje nasogástrico -- Sondaje vesical -- Suturas cutáneas -- Tabaco: intervención enfermera -- Taponamiento nasal y epistaxis -- Tapones de cerumen, extracción -- Toma de presión arterial -- Trabajo en equipo -- Úlceras por presión: una guía para el tratamiento en atención domiciliaria -- Úlceras por presión: prevención -- Vacunas -- Vendajes -- Vigilancia epidemiológica: redes centinela -- Violencia de género -- Yatrogenia. | ||
| 650 |
_aENFERMERÍA COMUNITARIA _99922 |
||
| 650 |
_aBIOPSICOSOCIAL _959380 |
||
| 650 |
_aELECTROCARDIONGRAMA _959381 |
||
| 650 |
_aCARDIOPULMONAR _959382 |
||
| 700 |
_aDel Pino Casado, Rafael _eCoautor _959383 |
||
| 942 |
_2ddc _cBK _e2025-09-18 _zMag. Cecilio Flores Noa |
||
| 999 |
_c17279 _d17279 |
||